Statistiken für Danske opstillingsberettigede partier

Klicken Sie hier um das Quiz zu spielen!

Allgemein

  • Dieses Quiz wurde 5 mal gespielt
  • Das Durchschnittsergebnis liegt bei 12 aus 14

Antwortstatistiken

Parti% Korrekt
Det Konservative Folkeparti (C)
100%
Enhedslisten (Ø)
100%
Liberal Alliance (I)
100%
Moderaterne (M)
100%
Nye borgerlige (D)
100%
Radikale Venstre (B)
100%
Socialdemokratiet (A)
100%
Socialistisk Folkeparti (F)
100%
Venstre (V)
100%
Frie grønne (Q)
80%
Kristendemokraterne (K)
80%
Alternativet (Å)
60%
Dansk Folkeparti (O)
60%
Veganerpartiet (G)
60%

Verteilung der Resultate

Perzentil nach korrekt beantworteten Fragen

Anzahl Personen mit jedem Resultat

Ihre Resultats-Entwicklung

Sie haben dieses Quiz noch nicht gespielt